000 00928nam a2200325 a 4500
003 AR-BaBNM
005 20251128204817.0
008 082120s2002 ||||||||||||||000 | spa||
020 _a84-493-0173-4
040 _cAR-BaBNM
100 1 _aBruer, John T.
245 0 0 _aEscuelas para pensar
_buna ciencia del aprendizaje en el aula
250 _a1ª ed.
260 _aBarcelona
_bPaidós
_c1995
300 _a319 p.
490 0 _aTemas de educación
_vv. 37
500 _aIndice analítico p. 313-319
504 _aBibliografía p. 301-311
650 4 _aAPRENDIZAJE
650 4 _aENSEÑANZA DE LAS MATEMATICAS
650 4 _aENSEÑANZA DE LA CIENCIA
650 4 _aENSEÑANZA DE LA LECTURA
650 4 _aENSEÑANZA DE LA ESCRITURA
650 4 _aPROCESO COGNOSCITIVO
650 4 _aMOTIVACION
653 _aESTRATEGIAS EDUCATIVAS
700 1 _aPineda Herrero, Pilar
_edirector
942 _cBK
998 _cCarmen
999 _c8920
_d8920